Mosby's diagnostic and laboratory test reference / (Record no. 7887)

MARC details
000 -LEADER
fixed length control field 01271cam a2200337 a 4500
001 - CONTROL NUMBER
control field 13345596
003 - CONTROL NUMBER IDENTIFIER
control field mut
005 - DATE AND TIME OF LATEST TRANSACTION
control field 20240606081044.0
008 - FIXED-LENGTH DATA ELEMENTS--GENERAL INFORMATION
fixed length control field 030916s2003 moua bf 001 0 eng
010 ## - LIBRARY OF CONGRESS CONTROL NUMBER
LC control number 2003277134
020 ## - INTERNATIONAL STANDARD BOOK NUMBER
International Standard Book Number 9780323053457
040 ## - CATALOGING SOURCE
Original cataloging agency DLC
Transcribing agency DLC
Modifying agency DLC
050 00 - LIBRARY OF CONGRESS CALL NUMBER
Classification number RB38.2
Item number .P337 2009
082 00 - DEWEY DECIMAL CLASSIFICATION NUMBER
Classification number 616.07/5
Edition information 22
100 1# - MAIN ENTRY--PERSONAL NAME
Personal name Pagana, Kathleen Deska,
Dates associated with a name 1952-
245 10 - TITLE STATEMENT
Title Mosby's diagnostic and laboratory test reference /
246 30 - VARYING FORM OF TITLE
Title proper/short title Diagnostic and laboratory test reference
250 ## - EDITION STATEMENT
Edition statement 6th ed.
260 ## - PUBLICATION, DISTRIBUTION, ETC.
Place of publication, distribution, etc. St. Louis, Mo. :
Name of publisher, distributor, etc. Mosby,
Date of publication, distribution, etc. c2003.
300 ## - PHYSICAL DESCRIPTION
Extent 1031 p. :
Other physical details col. ill. ;
Dimensions 20 cm.
500 ## - GENERAL NOTE
General note Eighth ed.- , copyrighted 2007- , cataloged as a serial in LC.
Institution to which field applies DLC
504 ## - BIBLIOGRAPHY, ETC. NOTE
Bibliography, etc. note Includes bibliographical references and index.
650 #0 - SUBJECT ADDED ENTRY--TOPICAL TERM
Topical term or geographic name entry element Diagnosis, Laboratory
Form subdivision Handbooks, manuals, etc.
650 12 - SUBJECT ADDED ENTRY--TOPICAL TERM
Topical term or geographic name entry element Laboratory Techniques and Procedures
Form subdivision Handbooks.
650 22 - SUBJECT ADDED ENTRY--TOPICAL TERM
Topical term or geographic name entry element Nursing Care
Form subdivision Handbooks.
700 1# - ADDED ENTRY--PERSONAL NAME
Personal name Pagana, Timothy James,
Dates associated with a name 1949-
906 ## - LOCAL DATA ELEMENT F, LDF (RLIN)
a 7
b cbc
c origcop
d 2
e ncip
f 20
g y-gencatlg
942 ## - ADDED ENTRY ELEMENTS (KOHA)
Source of classification or shelving scheme Library of Congress Classification
Koha item type Books
Holdings
Withdrawn status Lost status Source of classification or shelving scheme Damaged status Not for loan Home library Current library Date acquired Total checkouts Full call number Barcode Date last seen Date last checked out Price effective from Koha item type
    Library of Congress Classification     Murang'a University of Technology Library Murang'a University of Technology Library 18/04/2017 1 RB38.2 .P337 2009 007944 30/08/2024 29/09/2022 18/04/2017 Books